| 000 | 01614nam a22003137a 4500 | ||
|---|---|---|---|
| 003 | CHAP | ||
| 005 | 20240517110404.0 | ||
| 007 | ta | ||
| 008 | 220803s2019 mx adobfr|||| 001 0 spa d | ||
| 040 | _amxchpua | ||
| 090 |
_aT.C.808 _bS99 SAI _c2019 |
||
| 245 | 1 | 0 |
_aReporte del sistema agroindustrial tabaco / _ccoordinadora Rosa Guadalupe Szymanski Duque ; colaboradores Beatriz Adriana Chávez Covarrubias...[et al.] |
| 260 |
_aChapingo México : _bEl autor, _c2019 |
||
| 300 |
_a78 hojas : _bimagenes, mapas, gráficas, diagramas, tablas, fotos + _e1 CD-ROM |
||
| 336 |
_2rdacontent _atexto _btxt |
||
| 337 |
_2rdamedia _ano mediado _bn |
||
| 338 |
_2rdacarrier _avolumen _bnc |
||
| 500 | _aGrado: 6° Grupo: 3 Directorio: h. 69-72 | ||
| 502 |
_aViaje de Estudios _b(SAI) -- _cUACh. Departamento de Ingeniería Agroindustrial, _d2019 |
||
| 504 | _aBibliografía: h. 64-66 | ||
| 505 | 0 |
_aVisitas: -- _t1.Finca mixta el recreo, CCS delfín Luis Paz -- 2.La casita criolla -- 3.Instituto de de investigación del tabaco UCTB -- 4.Estación experimental del Cabaiguán -- 5.Productor líder: Yunieski Rodríguez Hernández -- 6.Empresa de tabaco torcido sancti spíritus -- 7.UEB José González Treche -- 8.CCS hermanos Falcón |
|
| 650 | 1 | 3 |
_aTabaco _zCuba |
| 650 | 1 | 3 |
_aIndustria tabacalera _zCuba |
| 650 | 1 | 3 |
_aTobacco _zCuba |
| 650 | 1 | 3 |
_aTobacco industry _zCuba |
| 700 | 1 |
_aSzymanski Duque, Rosa Guadalupe _ecoordinadora |
|
| 700 | 1 |
_9185309 _aChávez Covarrubias, Beatriz Adriana _ecolaboradora |
|
| 856 | 4 | 2 |
_uhttp://10.13.5.2/ve/T_C_808_SAI/T_C_808_SAI_2019_REPORTE.pdf _yDESCARGAR REPORTE |
| 999 |
_c217536 _d217536 |
||